Подробности
| 000 -МАРКЕР |
| контрольное поле |
02166nam0a2200409 4500 |
| 001 - ИДЕНТИФИКАТОР ЗАПИСИ |
| контрольное поле |
RU\NLR\bibl\1021567 |
| 005 - ИДЕНТИФИКАТОР ВЕРСИИ |
| контрольное поле |
20260409000518.0 |
| 010 ## - МЕЖДУНАРОДНЫЙ СТАНДАРТНЫЙ НОМЕР КНИГИ (ISBN) |
| Номер (ISBN) |
5-9757-0054-Х |
| Тираж |
10000 |
| 021 ## - НОМЕР ГОСУДАРСТВЕННОЙ РЕГИСТРАЦИИ |
| Код страны |
Российская Федерация |
| Номер |
2006-60759 |
| Номер Листа государственной регистраци |
3021 |
| 035 ## - ДРУГИЕ СИСТЕМНЫЕ НОМЕРА |
| Идентификатор записи |
(NLR Aleph) 001009098 |
| 100 ## - ДАННЫЕ ОБЩЕЙ ОБРАБОТКИ |
| Данные общей обработки |
20061213d2006 |||y0rusy50 ca |
| 101 1# - ЯЗЫК РЕСУРСА |
| Язык текста, звукозаписи и т.д. |
русский |
| Язык оригинала |
киче, майя языки |
| 102 ## - СТРАНА ПУБЛИКАЦИИ ИЛИ ПРОИЗВОДСТВА |
| Страна публикации |
Российская Федерация |
| 105 ## - ПОЛЕ КОДИРОВАННЫХ ДАННЫХ: ТЕКСТОВЫЕ МАТЕРИАЛЫ, МОНОГРАФИЧЕСКИЕ |
| Кодированные данные о монографическом текстовом документе |
a ||||||||| |
| 200 1# - ЗАГЛАВИЕ И СВЕДЕНИЯ ОБ ОТВЕТСТВЕННОСТИ |
| Основное заглавие |
Пополь-Вух |
| Сведения, относящиеся к заглавию |
[в переводе "Книга народа"] |
| -- |
мифы индейцев Центральной Америки |
| Первые сведения об ответственности |
[пер. с яз. киче, коммент и послесл. д.ист.н. Р.В. Кинжалова] |
| 210 ## - ПУБЛИКАЦИЯ, РАСПРОСТРАНЕНИЕ И ДР. |
| Место издания, распространения и т.д. |
Екатеринбург |
| Имя издателя, распространителя и т. д. |
У-Фактория |
| Дата издания, распространения и т.д. |
2006 |
| 215 ## - ФИЗИЧЕСКАЯ ХАРАКТЕРИСТИКА |
| Специфическое обозначение материала и объем |
231 с. |
| Другие сведения о физической характеристике |
карт. |
| Размеры |
23 |
| 225 1# - СЕРИЯ |
| Основное заглавие серии |
Biblioteca mythologica |
| Сведения об ответственности |
сост. В. Харитонов |
| 300 ## - ОБЩИЕ ПРИМЕЧАНИЯ |
| Текст примечания |
В макете: Мифы индейцев Центральной Америки: Пополь-Вух; Родословная владык Тотоникапана |
| 320 ## - ПРИМЕЧАНИЯ О НАЛИЧИИ В ДОКУМЕНТЕ БИБЛИОГРАФИИ / УКАЗАТЕЛЯ |
| Текст примечания |
Библиогр.: с. 202-218 |
| 320 ## - ПРИМЕЧАНИЯ О НАЛИЧИИ В ДОКУМЕНТЕ БИБЛИОГРАФИИ / УКАЗАТЕЛЯ |
| Текст примечания |
Указ. имен.: с. 219-225 |
| 320 ## - ПРИМЕЧАНИЯ О НАЛИЧИИ В ДОКУМЕНТЕ БИБЛИОГРАФИИ / УКАЗАТЕЛЯ |
| Текст примечания |
Указ. геогр. и этн. назв.: с. 226-229 |
| 327 1# - ПРИМЕЧАНИЯ О СОДЕРЖАНИИ |
| Текст примечания |
В кн. также: Родословная владык Тотоникапана |
| 464 #0 - АНАЛИТИЧЕСКИЙ УРОВЕНЬ |
| Встроенное поле |
2001#$aРодословная Тотоникапана |
| Заглавие |
Родословная Тотоникапана |
| 500 ## - УНИФИЦИРОВАННОЕ ЗАГЛАВИЕ |
| -- |
rus |
| Унифицированное заглавие |
Пополь-Вух |
| Графика поля |
Кириллица |
| Идентификатор авторитетной / нормативной записи |
RU\NLR\AUTH\5509623 |
| Системный номер авторитетной/нормативной записи |
2669071 |
| 517 0# - ДРУГИЕ ВАРИАНТЫ ЗАГЛАВИЯ |
| Вариант заглавия |
Мифы индейцев Центральной Америки: Пополь-Вух; Родословная владык Тотоникапана |
| 517 0# - ДРУГИЕ ВАРИАНТЫ ЗАГЛАВИЯ |
| Вариант заглавия |
Книга народа |
| 605 ## - ЗАГЛАВИЕ КАК ПРЕДМЕТ |
| Начальный элемент ввода |
"Пополь-Вух" |
| Сведения, относящиеся к заглавию / сведения о виде, жанре, характере документа |
сборник мифов индейцев Центральной Америки |
| Системный номер авторитетной/нормативной записи |
1168173 |
| Идентификатор авторитетной/нормативной записи |
RU\NLR\auth\66468463 |
| 686 ## - ИНДЕКСЫ ДРУГИХ КЛАССИФИКАЦИЙ |
| Индекс |
Ш3(74=Ин)-60 |
| 702 #1 - ИМЯ ЛИЦА - ВТОРИЧНАЯ ОТВЕТСТВЕННОСТЬ |
| Код отношения |
Переводчик |
| Графика поля |
Кириллица |
| Материалы, к которым относится поле |
rus |
| Начальный элемент ввода |
Кинжалов |
| Часть имени, кроме начального элемента ввода |
Р. В. |
| Дополнения к именам, кроме дат |
д-р ист. наук, этнограф |
| Даты |
1920-2006 |
| Расширение инициалов личного имени |
Ростислав Васильевич |
| Идентификатор авторитетной/нормативной записи |
RU\NLR\AUTH\770278052 |
| Системный номер авторитетной/нормативной записи |
2650019 |
| 801 #0 - ИСТОЧНИК ЗАПИСИ |
| Страна |
Российская Федерация |
| Организация |
NLR |
| Дата составления |
20061213 |
| Правила каталогизации |
rcr |
| 801 #1 - ИСТОЧНИК ЗАПИСИ |
| Страна |
Российская Федерация |
| Организация |
NLR |
| Дата составления |
20061213 |
| 942 ## - ДОПОЛНИТЕЛЬНЫЕ ЭЛЕМЕНТЫ ЗАПИСИ (АБИС) |
| Тип экземпляра АБИС |
Книга |
| 980 ## - КОЛЛЕКЦИЯ |
| Название коллекции |
Национальная библиография |